| 000 | 00748nam a2200205 a 4500 | ||
|---|---|---|---|
| 001 | 000041950 | ||
| 005 | 20201002035840.0 | ||
| 008 | 120328s1975 sp 001 0 spa d | ||
| 020 | _a8400052501 | ||
| 040 |
_aDO-SdBNP _bspa _cBNPHU |
||
| 100 | 1 |
_aGonzález Antón, Luis _968868 |
|
| 245 | 1 | 4 |
_aLas uniones aragonesas y las Cortes del Reino (1283-1301) / Antón / _cLuis González Anton. |
| 260 |
_aBarcelona : _bEscuela de Estudios Medievales, _c1975. |
||
| 300 |
_av. (XI, 669) p. ; _c25 cm. |
||
| 500 | _aLa biblioteca posee el v. 2 | ||
| 505 | 2 |
_av. 2 _tDocumentos. -- |
|
| 504 | _aIncluye índice | ||
| 504 | _aIncluye referencias bibliográficas y notas al pie de las páginas | ||
| 710 | 2 |
_aEscuela de Estudios Medievales, (España) _968869 |
|
| 999 |
_c41439 _d41439 |
||